Biblioteca general i de referència
Descripción Física:
1 tríptic ; il. col. ; 21 x 10 cm.
Idioma:
Catalán
MARC
| LEADER | 00000nam a22000007a 4500 | ||
|---|---|---|---|
| 001 | 27019 | ||
| 003 | Arxiu | ||
| 005 | 20260324181145.0 | ||
| 008 | 221123b spa||||| |||| 00| 0 cat d | ||
| 017 | |a B 25919-2014 | ||
| 040 | |a agdb |b cat | ||
| 041 | |a cat | ||
| 245 | |a Biblioteca general i de referència | ||
| 260 | |a Barcelona : |b Diputació de Barcelona. Subdirecció de Logística ; |c 2014 | ||
| 300 | |a 1 tríptic ; |b il. col. ; |c 21 x 10 cm. | ||
| 610 | 0 | |a Barcelona (Catalunya : Província). |b Biblioteca General i de Referència |v Guies | |
| 710 | |a Barcelona (Catalunya : Província). |b Subdirecció de Logística |9 54723 | ||
| 942 | |2 udc |c ARXIU |n 1 | ||
| 952 | |0 0 |1 0 |2 udc |4 0 |6 FU7355 |7 1 |9 64305 |a Arxiu |b Arxiu |d 2022-11-23 |l 0 |o FU-73-55 |p 27019 |r 2022-11-23 00:00:00 |w 2022-11-23 |y ARXIU | ||
| 999 | |c 82771 |d 82771 | ||